000 01039nas a2200361 4500
001 BR2016001818
003 BR-BrBNA
005 20231205130349.0
007 ta
008 230509b bl.|||p| |||| 00| 00por d
040 _aBR-BrBNA
_bpor
_cBiblioteca Nacional de Agricultura
041 _a(Pt)
072 _aL74; L73
100 1 _aMiranda, D.F.H.
100 1 _aSouza, F. de A.L.
100 1 _aFonseca, L.S.
100 1 _aAlmeida, H.M. de
100 1 _aBraga, J.F.V.
100 1 _aCosta, F.A.L.
100 1 _aSilva, S.M.M. de S.
245 1 _aCarcinoma hepatocelular metastásico em Jaguatirica (Leopardus pardalis)
650 _aJAGUATIRICA
650 _aANIMAL SELVAGEM
650 _aFELIS PARDALIS
650 _aNEOPLASIA
650 _aDOENCA ANIMAL
650 _aTUMOR
650 _aFIGADO
650 _aCARCINOMA
773 0 _tPesquisa Veterinária Brasileira (Brazil)
_xISSN 0100-736X
_g(Nov 2015), v. 35(11) p. 913-918
_wBR2016001818
909 _a202311
_bLúcia
_c55
_dLúcia Elande
942 _2AGRIS
_n0
_cANA
999 _c249055
_d249055